| 000 | 00787cam a2200241 i 4500 | ||
|---|---|---|---|
| 999 |
_c2231 _d2231 |
||
| 003 | OSt | ||
| 005 | 20220413085651.0 | ||
| 008 | 790111s1979 moua b 001 0 eng | ||
| 020 | _a0801631254 | ||
| 040 | _cDLC | ||
| 050 | 0 | 0 |
_aRT41 _b.M37 1979 |
| 100 | 1 |
_aVan Servellen, Gwen, _d1942- |
|
| 245 | 1 | 0 |
_aPrimary nursing : _ba model for individualized care / _cGwen Marram, Margaret W. Barrett, Em Olivia Bevis. |
| 250 | _a2nd ed. | ||
| 260 |
_aSt. Louis : _bMosby, _c1979. |
||
| 300 |
_axiii, 216 p. : _bill. ; _c23 cm. |
||
| 504 | _aIncludes bibliographies and index. | ||
| 650 | 0 | _aPrimary nursing. | |
| 700 | 1 |
_aBarrett, Margaret W., _d1941- _ejoint author. |
|
| 700 | 1 |
_aBevis, Em Olivia, _ejoint author. |
|
| 906 |
_a7 _bcbc _corignew _d1 _eocip _f19 _gy-gencatlg |
||
| 942 |
_2lcc _cBK _nSO |
||